Gramin samajik sarachana : Log bhumi aur arthtantra (Record no. 14566)

MARC details
000 -LEADER
fixed length control field 00492nam a2200157Ia 4500
082 ## - DEWEY DECIMAL CLASSIFICATION NUMBER
Classification number TS.0595
100 ## - MAIN ENTRY--AUTHOR NAME
Personal name Singh, Anil Kumar
245 #0 - TITLE STATEMENT
Title Gramin samajik sarachana : Log bhumi aur arthtantra
260 ## - PUBLICATION, DISTRIBUTION, ETC. (IMPRINT)
Year of publication 1987
Name of publisher Banaras Hindu University
300 ## - PHYSICAL DESCRIPTION
Number of Pages 415p. + C D - 57
650 ## - SUBJECT ADDED ENTRY--TOPICAL TERM
Topical Term LAND USE, RURAL - UTTAR PRADESH - JAMALUR
650 ## - SUBJECT ADDED ENTRY--TOPICAL TERM
Topical Term RURAL FAMILIES - UTTAR PRADESH - JAMALPUR
650 ## - SUBJECT ADDED ENTRY--TOPICAL TERM
Topical Term JAMALPUR (UTTAR PRADESH) - RURAL CONDITIONS
710 ## - ADDED ENTRY--CORPORATE NAME
Corporate name or jurisdiction name as entry element Mohammad Salim
942 ## - ADDED ENTRY ELEMENTS (KOHA)
Koha item type Thesis
Source of classification or shelving scheme Dewey Decimal Classification
Holdings
Withdrawn status Lost status Damaged status Not for loan Home library Current library Date acquired Bill Date Full call number Accession Number Price effective from Koha item type
        NASSDOC Library NASSDOC Library 08/10/2004 2008-12-30 TS.0595 31481 18/04/2019 Thesis